Epigramas del encubrimiento de América / (Registro nro. 14559)

Detalles MARC
000 -LEADER
fixed length control field 00645nam a2200217 a 4500
001 - CONTROL NUMBER
control field 000009749
003 - CONTROL NUMBER IDENTIFIER
control field DO-SdBNP
005 - DATE AND TIME OF LATEST TRANSACTION
control field 20240207123018.0
008 - FIXED-LENGTH DATA ELEMENTS--GENERAL INFORMATION
fixed length control field 091001s1992 xx a r 000 p spa d
040 ## - CATALOGING SOURCE
Original cataloging agency DO-SdBNP
Language of cataloging spa
Transcribing agency BPMSU
082 #4 - DEWEY DECIMAL CLASSIFICATION NUMBER
Classification number RD861.44
Item number C355e 1992
Edition number 22
100 1# - MAIN ENTRY--PERSONAL NAME
Personal name Castro, Tomás,
Dates associated with a name 1959-
245 10 - TITLE STATEMENT
Title Epigramas del encubrimiento de América /
Statement of responsibility, etc. Tomás Castro.
260 ## - PUBLICATION, DISTRIBUTION, ETC. (IMPRINT)
Place of publication, distribution, etc. Santo Domingo :
Name of publisher, distributor, etc. Mambrú,
Date of publication, distribution, etc. 1992.
300 ## - PHYSICAL DESCRIPTION
Extent 135 p. ;
Dimensions 21 cm.
Other physical details
590 ## - LOCAL NOTE (RLIN)
Local note Inventariado, 2024/VM
650 #4 - SUBJECT ADDED ENTRY--TOPICAL TERM
Topical term or geographic name as entry element Poesía dominicana
650 #4 - SUBJECT ADDED ENTRY--TOPICAL TERM
Topical term or geographic name as entry element Literatura dominicana.
910 ## - USER-OPTION DATA (OCLC)
User-option data VMateo V. Control de calidad. BPMSU
942 ## - ADDED ENTRY ELEMENTS (KOHA)
Source of classification or shelving scheme Dewey Decimal Classification
Koha item type Libros
Existencias
Withdrawn status Lost status Source of classification or shelving scheme Damaged status Not for loan Collection code Home library Current library Date acquired Total Checkouts Full call number Barcode Date last seen Price effective from Koha item type Copy number
    Dewey Decimal Classification     Colección Dominicana Biblioteca Pública Metropolitana Salomé Ureña Biblioteca Pública Metropolitana Salomé Ureña 02/07/2024   BPMSU CD RD861.44 C355e 1992 BPMSU24020015 02/07/2024 02/07/2024 Libros  
    Dewey Decimal Classification     Colección Dominicana Biblioteca Pública Metropolitana Salomé Ureña Biblioteca Pública Metropolitana Salomé Ureña 02/07/2024   BPMSU CD RD861.44 C355e 1992 BPMSU24020016 02/07/2024 02/07/2024 Libros e.2